[Event "BL 9091 Heidelberg-Bamberg"]
[Site "?"]
[Date "1990.??.??"]
[Round "?.8"]
[White "Zuse, P."]
[Black "Niedermaier, H."]
[Result "1-0"]
[WhiteElo "2270"]
[BlackElo "2305"]
[PlyCount "115"]
[EventDate "1990.??.??"]

1. e4 c5 2. Nf3 d6 3. d4 cxd4 4. Nxd4 Nf6 5. Nc3 a6 6. Bg5 e6 7. f4 Qb6 8. Nb3
h6 9. Bxf6 gxf6 10. Qf3 Nc6 11. O-O-O Bd7 12. Kb1 O-O-O 13. Qh5 Be7 14. g3 Kb8
15. Bh3 Rc8 16. Nd5 Qd8 17. Nxe7 Qxe7 18. Rd2 Rcd8 19. Rhd1 Bc8 20. a3 b6 21.
Rd3 Bb7 22. Bg2 Rhe8 23. R1d2 Rd7 24. Qxh6 Rdd8 25. Qh5 Rh8 26. Qd1 Rxh2 27.
Qg1 Rh5 28. Qxb6 Rb5 29. Qg1 Rh5 30. Qd1 Rh2 31. Nd4 Na7 32. Qg1 Rhh8 33. Rb3
Rd7 34. Ne2 Rc8 35. Qb6 Ka8 36. Nc3 Qd8 37. Rxd6 Qxb6 38. Rbxb6 Rcd8 39. Rxd7
Rxd7 40. Kc1 f5 41. Na4 Rc7 42. Rb4 Nb5 43. Kd2 Ka7 44. Bf3 Rc8 45. g4 Nd6 46.
Nc3 a5 47. Rd4 Nc4+ 48. Kc1 fxg4 49. Bxg4 f5 50. exf5 Ne3 51. Be2 Nxf5 52. Rd7
Kb6 53. Na4+ Kc6 54. Rh7 Ba8 55. Ra7 Kd6 56. Nb6 Rh8 57. Rxa8 Rh1+ 58. Kd2 1-0

[Event "BL 9091 Nürnberg-Heidelberg"]
[Site "?"]
[Date "1990.??.??"]
[Round "?.1"]
[White "Steinbacher, M."]
[Black "Jansa, V."]
[Result "0-1"]
[WhiteElo "2370"]
[BlackElo "2455"]
[PlyCount "84"]
[EventDate "1990.??.??"]

1. e4 c5 2. Nf3 e6 3. d4 cxd4 4. Nxd4 Nf6 5. Nc3 d6 6. g4 h6 7. h4 Nc6 8. Rg1
h5 9. gxh5 Nxh5 10. Bg5 Qb6 11. Ndb5 a6 12. Nxd6+ Bxd6 13. Qxd6 Qxb2 14. Kd2
Qxa1 15. Bb5 Qxc3+ 16. Kxc3 axb5 17. e5 f6 18. exf6 gxf6 19. Be3 Ne7 20. Rd1
Kf7 21. Bc5 Re8 22. Kb2 e5 23. Qd3 Bf5 24. Qxb5 Rac8 25. c3 Be6 26. Bb4 Nf4 27.
Qxb7 Nfd5 28. a3 Nxc3 29. Rd6 Ncd5 30. Rxd5 Bxd5 31. Qd7 Be6 32. Qd1 Bf5 33.
Qf3 Bh7 34. Qb3+ Kg7 35. Qg3+ Kf7 36. Qg4 Rc2+ 37. Kb3 Rxf2 38. Qc4+ Kf8 39.
Bxe7+ Rxe7 40. Qc8+ Kf7 41. Qc4+ Kf8 42. Qc8+ Kg7 0-1

[Event "BL 9091 Nürnberg-Heidelberg"]
[Site "?"]
[Date "1990.??.??"]
[Round "?.2"]
[White "Pribyl, J."]
[Black "Neurohr, S."]
[Result "1-0"]
[WhiteElo "2430"]
[BlackElo "2350"]
[PlyCount "63"]
[EventDate "1990.??.??"]

1. d4 Nf6 2. Nf3 g6 3. c4 Bg7 4. Nc3 O-O 5. e4 d6 6. h3 e5 7. dxe5 dxe5 8. Qxd8
Rxd8 9. Bg5 Re8 10. Nd5 Nxd5 11. cxd5 c6 12. Bc4 cxd5 13. Bxd5 Nc6 14. O-O-O
Nb4 15. Bb3 Be6 16. Bxe6 Rxe6 17. Kb1 Na6 18. Be3 Bf8 19. Rd7 Bc5 20. Rxb7 Bxe3
21. fxe3 Nc5 22. Rb4 Nd3 23. Rc4 Rb6 24. b3 a5 25. Rd1 Nb4 26. Nxe5 Re6 27. Nf3
Rae8 28. a3 Na6 29. Rd5 Rxe4 30. Rxe4 Rxe4 31. Rxa5 Nc7 32. Re5 1-0

[Event "BL 9091 Nürnberg-Heidelberg"]
[Site "?"]
[Date "1990.??.??"]
[Round "?.3"]
[White "Ostl, A."]
[Black "Seibold, H."]
[Result "1-0"]
[WhiteElo "2325"]
[BlackElo "2210"]
[PlyCount "48"]
[EventDate "1990.??.??"]

1. d4 Nf6 2. Nf3 g6 3. Bf4 Bg7 4. h3 b6 5. e3 Bb7 6. Nbd2 Ne4 7. Nxe4 Bxe4 8.
Bd3 Bxd3 9. Qxd3 O-O 10. h4 c5 11. h5 Nc6 12. hxg6 hxg6 13. c3 d6 14. d5 Ne5
15. Bxe5 dxe5 16. Qe4 Qd6 17. O-O-O Rfd8 18. Ng5 Qf6 19. Qh4 b5 20. Rh3 Qa6 21.
Qh7+ Kf8 22. Rf3 Qxa2 23. Rxf7+ Ke8 24. Rxe7+ Kf8 1-0

[Event "BL 9091 Nürnberg-Heidelberg"]
[Site "?"]
[Date "1990.??.??"]
[Round "?.4"]
[White "Huemmer, B."]
[Black "Pirrot, D."]
[Result "1/2-1/2"]
[WhiteElo "2265"]
[BlackElo "2355"]
[PlyCount "55"]
[EventDate "1990.??.??"]

1. d4 Nf6 2. Nf3 g6 3. Bg5 Bg7 4. Nbd2 d5 5. e3 O-O 6. Bd3 c5 7. c3 Nfd7 8. O-O
Nc6 9. h3 Qb6 10. Qb3 Qxb3 11. axb3 e5 12. dxe5 Ndxe5 13. Bb5 Be6 14. Nxe5 Nxe5
15. Be7 Rfc8 16. f4 Nd7 17. e4 dxe4 18. Nxe4 Bf8 19. Bh4 Nb6 20. Nd2 a6 21. Be2
Nd5 22. Bf3 Re8 23. Ne4 Kg7 24. Ng5 Ne3 25. Nxe6+ Rxe6 26. Rf2 Rb6 27. g4 Bd6
28. f5 1/2-1/2

[Event "BL 9091 Bamberg-Frankfurt"]
[Site "?"]
[Date "1990.??.??"]
[Round "?.1"]
[White "Khalifman, A."]
[Black "Unzicker, W."]
[Result "1/2-1/2"]
[WhiteElo "2615"]
[BlackElo "2480"]
[PlyCount "46"]
[EventDate "1990.??.??"]

1. Nf3 Nf6 2. c4 b6 3. d4 e6 4. g3 Bb7 5. Bg2 Be7 6. Nc3 Ne4 7. Bd2 Bf6 8. O-O
O-O 9. Rc1 d6 10. d5 Nxc3 11. Bxc3 Nd7 12. Nd2 Kh8 13. Ne4 Bxc3 14. Nxc3 e5 15.
f4 f5 16. Qd2 a6 17. b4 Qe7 18. e3 Rae8 19. Rce1 Qd8 20. a3 Bc8 21. Na4 Nf6 22.
Nc3 Bd7 23. Qd3 Bc8 1/2-1/2

[Event "BL 9091 Bamberg-Frankfurt"]
[Site "?"]
[Date "1990.??.??"]
[Round "?.2"]
[White "Meister, P."]
[Black "Lobron, E."]
[Result "1/2-1/2"]
[WhiteElo "2445"]
[BlackElo "2535"]
[PlyCount "105"]
[EventDate "1990.??.??"]

1. d4 Nf6 2. c4 e6 3. Nf3 b6 4. g3 Ba6 5. Qb3 c6 6. Nc3 d5 7. cxd5 exd5 8. Bg2
Bd6 9. O-O O-O 10. Re1 Nbd7 11. Bd2 Bb7 12. Rac1 h6 13. Nh4 Re8 14. Nf5 Bf8 15.
Bf4 Re6 16. e4 dxe4 17. Nxe4 Nxe4 18. Rxe4 Rxe4 19. Bxe4 Rc8 20. Be5 Nf6 21.
Bg2 Nd5 22. Qf3 Qg5 23. Rd1 Re8 24. h4 Qg6 25. Bf1 h5 26. Bd3 Qg4 27. Qxg4 hxg4
28. Ne3 Nxe3 29. fxe3 c5 30. Bb5 Rd8 31. Be2 f6 32. Bf4 Bc8 33. dxc5 Rxd1+ 34.
Bxd1 Bxc5 35. Kf2 Kf7 36. a3 a5 37. Bc7 Ke7 38. b4 Kd7 39. bxc5 Kxc7 40. cxb6+
Kxb6 41. e4 Kc5 42. Ke3 Kc4 43. e5 fxe5 44. Ke4 Kc3 45. Kxe5 Kb2 46. a4 Bd7 47.
Kf4 Kc1 48. Bxg4 Bxa4 49. Be6 Be8 50. Bb3 Kb2 51. Bd1 Kc3 52. g4 a4 53. Bxa4
1/2-1/2

[Event "BL 9091 Bamberg-Frankfurt"]
[Site "?"]
[Date "1990.??.??"]
[Round "?.3"]
[White "Gutman, L."]
[Black "Womacka, M."]
[Result "1/2-1/2"]
[WhiteElo "2450"]
[BlackElo "2415"]
[PlyCount "88"]
[EventDate "1990.??.??"]

1. Nf3 c5 2. g3 b6 3. Bg2 Bb7 4. O-O Nf6 5. c3 e6 6. d4 Be7 7. a3 O-O 8. b4 d6
9. Bb2 Nbd7 10. Nbd2 Qc7 11. Qb1 cxd4 12. cxd4 Rac8 13. Rc1 Qb8 14. b5 Rxc1+
15. Qxc1 Rc8 16. Qb1 Qa8 17. Ne1 Bxg2 18. Nxg2 d5 19. Ne3 Ne4 20. Nxe4 dxe4 21.
d5 exd5 22. Nf5 Bf8 23. Qd1 Rc5 24. a4 Qe8 25. Ne3 Qe6 26. Qd2 Ne5 27. Bxe5
Qxe5 28. Rd1 h5 29. h4 g6 30. Nxd5 Rc4 31. Qa2 Rd4 32. Rxd4 Qxd4 33. Qb3 Bc5
34. e3 Qe5 35. Qc4 Kf8 36. Nc3 f5 37. Ne2 Qd6 38. Nf4 Qd1+ 39. Kh2 Qd2 40.
Nxg6+ Kg7 41. Ne5 Qxf2+ 42. Kh3 Kf6 43. Nd7+ Kg7 44. Nxc5 bxc5 1/2-1/2

[Event "BL 9091 Bamberg-Frankfurt"]
[Site "?"]
[Date "1990.??.??"]
[Round "?.4"]
[White "Ramos, D."]
[Black "Tischbierek, R."]
[Result "0-1"]
[WhiteElo "2330"]
[BlackElo "2495"]
[PlyCount "94"]
[EventDate "1990.??.??"]

1. d4 Nf6 2. Nf3 d5 3. Bf4 c5 4. c3 Qb6 5. Qb3 c4 6. Qc2 Nc6 7. Nbd2 Bg4 8. e4
e6 9. Be2 Be7 10. Ng1 O-O 11. Bxg4 Nxg4 12. Ngf3 Nf6 13. e5 Nd7 14. Bg5 Qd8 15.
Bxe7 Qxe7 16. O-O b5 17. Rfe1 Rfb8 18. Nf1 b4 19. Ng3 Rb6 20. Qd2 Rab8 21. Qf4
bxc3 22. bxc3 Rb2 23. Re2 Nf8 24. Rxb2 Rxb2 25. Qc1 Rb6 26. Rb1 Qb7 27. Rxb6
axb6 28. Ne2 Qa6 29. Qb2 Qa4 30. Ne1 b5 31. g3 b4 32. cxb4 Nxb4 33. Nc3 Qa5 34.
a3 Nc6 35. Nc2 h5 36. Kf1 Ng6 37. Ke2 Ngxe5 38. dxe5 d4 39. Nxd4 Qxe5+ 40. Kd1
Qxd4+ 41. Qd2 Qb6 42. Qa2 Ne5 43. a4 Qc6 44. Qd2 Nd3 45. a5 Qf3+ 46. Kc2 Qf5
47. Nd1 Nxf2+ 0-1

[Event "BL 9091 Bamberg-Frankfurt"]
[Site "?"]
[Date "1990.??.??"]
[Round "?.5"]
[White "Werner, D."]
[Black "Schoeneberg, M."]
[Result "1-0"]
[WhiteElo "2340"]
[BlackElo "2295"]
[PlyCount "91"]
[EventDate "1990.??.??"]

1. e4 g6 2. d4 Bg7 3. Nc3 c6 4. Nf3 d5 5. h3 dxe4 6. Nxe4 Bf5 7. Ng3 Nf6 8. Bc4
O-O 9. O-O Be4 10. Nxe4 Nxe4 11. Re1 Nd6 12. Bb3 Nf5 13. c3 Nd7 14. Qe2 e6 15.
Bf4 c5 16. g4 Ne7 17. Bd6 cxd4 18. Nxd4 Nb6 19. Bc5 Bxd4 20. Bxd4 Nc6 21. Bc5
Re8 22. Rad1 Qg5 23. Bd6 Na5 24. Qf3 Nxb3 25. axb3 Rad8 26. c4 Rd7 27. Bf4 Qf6
28. Qe3 e5 29. Bg5 Qe6 30. Qf3 e4 31. Qf4 f5 32. Bh6 fxg4 33. Qxg4 Qxg4+ 34.
hxg4 Kf7 35. Be3 Re6 36. Kg2 Rxd1 37. Rxd1 a6 38. Rd8 Rc6 39. Kg3 Nc8 40. Rd7+
Ke6 41. Rxb7 h5 42. Rg7 Kf6 43. Bd4+ Kg5 44. Rf7 h4+ 45. Kh3 Kh6 46. g5+ 1-0

[Event "BL 9091 Bamberg-Frankfurt"]
[Site "?"]
[Date "1990.??.??"]
[Round "?.6"]
[White "Bezold, M."]
[Black "Kohlweyer, B."]
[Result "1/2-1/2"]
[WhiteElo "2335"]
[BlackElo "2385"]
[PlyCount "41"]
[EventDate "1990.??.??"]

1. d4 Nf6 2. Nf3 e6 3. e3 b6 4. b3 Bb7 5. Bb2 c5 6. Bd3 Be7 7. O-O O-O 8. Nbd2
Nc6 9. a3 Qc7 10. Re1 Rfd8 11. Rc1 d5 12. Qe2 Rac8 13. dxc5 bxc5 14. e4 dxe4
15. Nxe4 Nd4 16. Nxd4 cxd4 17. c4 dxc3 18. Rxc3 Qf4 19. Nxf6+ Bxf6 20. g3 Qh6
21. Rxc8 1/2-1/2

[Event "BL 9091 Bamberg-Frankfurt"]
[Site "?"]
[Date "1990.??.??"]
[Round "?.7"]
[White "Heyken, E."]
[Black "Hennings, A."]
[Result "1-0"]
[WhiteElo "2415"]
[BlackElo "2340"]
[PlyCount "141"]
[EventDate "1990.??.??"]

1. d4 d6 2. Nf3 Bg4 3. Nbd2 Nd7 4. h3 Bh5 5. b3 Ngf6 6. Bb2 e6 7. g3 d5 8. Bg2
Bd6 9. O-O O-O 10. Ne5 Bb4 11. Nd3 Bd6 12. Ne5 Bb4 13. a3 Be7 14. g4 Bg6 15.
Nxg6 hxg6 16. c4 c6 17. Qc2 a5 18. Rab1 Qb8 19. f4 Bd6 20. e3 Rc8 21. c5 Be7
22. b4 axb4 23. axb4 b5 24. Ra1 Rxa1 25. Bxa1 Nf8 26. Bc3 Rc7 27. Ra1 Ra7 28.
Rxa7 Qxa7 29. g5 N6d7 30. Bf3 Bd8 31. Kf2 f5 32. gxf6 gxf6 33. Kg2 f5 34. Nb3
Bh4 35. Na5 Qc7 36. Qe2 g5 37. Be1 Bxe1 38. Qxe1 gxf4 39. exf4 Nf6 40. Qe5 Qg7+
41. Kh2 Qh6 42. Nxc6 Qh4 43. Qe3 Ng6 44. Ne5 Nxf4 45. Qg1+ Kf8 46. Qg3 Qh6 47.
c6 Ne8 48. h4 Nh5 49. Bxh5 Qxh5 50. Ng6+ Kf7 51. Nf4 Qh6 52. h5 Ke7 53. Qh4+
Nf6 54. Ng6+ Kd6 55. Qxf6 Qd2+ 56. Kh3 Qe3+ 57. Kh4 Qe1+ 58. Kg5 Qe3+ 59. Nf4
Qg3+ 60. Kh6 Qxf4+ 61. Kh7 Qg4 62. Qe5+ Kxc6 63. Qxe6+ Kc7 64. Qe7+ Kb8 65.
Qd8+ Kb7 66. Qxd5+ Kb6 67. Qd6+ Ka7 68. Qd7+ Kb6 69. h6 Qe4 70. Qd6+ Kb7 71.
Kg7 1-0

[Event "BL 9091 Bamberg-Frankfurt"]
[Site "?"]
[Date "1990.??.??"]
[Round "?.8"]
[White "Niedermaier, H."]
[Black "Degenhardt, H."]
[Result "1-0"]
[WhiteElo "2305"]
[BlackElo "2350"]
[PlyCount "45"]
[EventDate "1990.??.??"]

1. e4 c5 2. Nf3 d6 3. d4 cxd4 4. Nxd4 Nf6 5. Nc3 a6 6. Bg5 e6 7. f4 Qc7 8. f5
Be7 9. Qd3 Nc6 10. O-O-O Nxd4 11. Qxd4 Bd7 12. Bc4 b5 13. fxe6 fxe6 14. Bb3 Qc5
15. Bxf6 gxf6 16. Qd3 Qg5+ 17. Kb1 h5 18. e5 d5 19. Nxd5 exd5 20. Qxd5 O-O-O
21. Qa8+ Kc7 22. Qa7+ Kc8 23. Bd5 1-0

[Event "BL 9091 Porz-Bayern"]
[Site "?"]
[Date "1990.??.??"]
[Round "?.2"]
[White "Christiansen, L."]
[Black "Ribli, Z."]
[Result "1/2-1/2"]
[WhiteElo "2595"]
[BlackElo "2610"]
[PlyCount "46"]
[EventDate "1990.??.??"]

1. d4 Nf6 2. c4 e6 3. Nf3 d5 4. Nc3 dxc4 5. Bg5 Bb4 6. e3 b5 7. a4 c6 8. g3 Bb7
9. Bg2 Nbd7 10. O-O a6 11. Qc2 O-O 12. Ne5 Qb6 13. Ne4 Nxe5 14. dxe5 Nd7 15.
Bf4 Be7 16. Rfd1 Rfd8 17. Bg5 Bxg5 18. Nxg5 Nf8 19. Be4 g6 20. Bg2 Qc5 21. axb5
axb5 22. Rxa8 Rxa8 23. Ne4 Qxe5 1/2-1/2

[Event "BL 9091 Porz-Bayern"]
[Site "?"]
[Date "1990.??.??"]
[Round "?.3"]
[White "Hjartarson, J."]
[Black "Vaganian, R."]
[Result "1-0"]
[WhiteElo "2520"]
[BlackElo "2630"]
[PlyCount "67"]
[EventDate "1990.??.??"]

1. d4 Nf6 2. c4 e6 3. Nc3 d5 4. Bg5 Be7 5. e3 h6 6. Bh4 O-O 7. Rc1 b6 8. cxd5
Nxd5 9. Nxd5 exd5 10. Bxe7 Qxe7 11. Bd3 Be6 12. Ne2 c5 13. O-O Nd7 14. Nf4 Nf6
15. dxc5 bxc5 16. b3 a5 17. Qc2 Rac8 18. Nxe6 fxe6 19. e4 d4 20. Qe2 e5 21. g3
Kh7 22. f4 g6 23. Rf2 h5 24. h3 h4 25. f5 Nh5 26. Qg4 Nxg3 27. f6 Rxf6 28. Rxf6
Qxf6 29. Qd7+ Kh6 30. Qxc8 Nf5 31. Rc2 Qg5+ 32. Kh1 Qg3 33. Qh8+ Kg5 34. Rg2
1-0

[Event "BL 9091 Porz-Bayern"]
[Site "?"]
[Date "1990.??.??"]
[Round "?.5"]
[White "Bischoff, K."]
[Black "Schmittdiel, E."]
[Result "1/2-1/2"]
[WhiteElo "2530"]
[BlackElo "2505"]
[PlyCount "46"]
[EventDate "1990.??.??"]

1. d4 Nf6 2. Nf3 e6 3. c4 Bb4+ 4. Bd2 c5 5. Bxb4 cxb4 6. g3 O-O 7. Bg2 d6 8.
O-O Qc7 9. b3 b6 10. Qd2 a5 11. a3 Na6 12. axb4 Nxb4 13. Nc3 Bb7 14. Qb2 Rac8
15. Rfc1 Rfe8 16. Na2 Nxa2 17. Qxa2 e5 18. Qb2 e4 19. Ne1 e3 20. f3 Ba6 21. Nd3
Qe7 22. Rc3 Rc7 23. Qc1 Qd8 1/2-1/2

[Event "BL 9091 Porz-Bayern"]
[Site "?"]
[Date "1990.??.??"]
[Round "?.7"]
[White "Boensch, U."]
[Black "Vogt, L."]
[Result "1/2-1/2"]
[WhiteElo "2510"]
[BlackElo "2505"]
[PlyCount "106"]
[EventDate "1990.??.??"]

1. d4 Nf6 2. c4 g6 3. Nc3 Bg7 4. e4 d6 5. Be2 O-O 6. Nf3 e5 7. Be3 Na6 8. dxe5
dxe5 9. Nd2 c6 10. O-O Qe7 11. Qa4 Ng4 12. Bxg4 Bxg4 13. Nb3 Rfd8 14. Na5 Nb4
15. f3 Be6 16. Rad1 Bf8 17. a3 Nd3 18. Qc2 Qc7 19. Rxd3 Rxd3 20. Qxd3 Rd8 21.
Qe2 Qxa5 22. Nb1 Qa4 23. Rc1 Bxc4 24. Rxc4 Qd1+ 25. Kf2 Qxb1 26. Rc1 Qa2 27.
Rc2 a6 28. Rd2 Rxd2 29. Qxd2 h5 30. Kg3 Qb3 31. Bg5 Bg7 32. h4 b5 33. Qd8+ Kh7
34. Qc7 Qxb2 35. Qxf7 Qxa3 36. Qb7 Qd6 37. Qxa6 Qd7 38. Qb6 Bh6 39. Bxh6 Kxh6
40. Qb8 Kh7 41. Qxe5 b4 42. Qb8 c5 43. e5 Kg7 44. Qb6 Qe7 45. f4 c4 46. Qd4 Qe6
47. Kf2 Kf7 48. Ke3 Qc6 49. Qa7+ Ke6 50. Qg7 Kd5 51. Qg8+ Kc5 52. e6 Qd6 53.
Qxg6 Qd4+ 1/2-1/2

[Event "BL 9091 Porz-Bayern"]
[Site "?"]
[Date "1990.??.??"]
[Round "?.8"]
[White "Uhlmann, W."]
[Black "Hickl, J."]
[Result "1-0"]
[WhiteElo "2505"]
[BlackElo "2480"]
[PlyCount "93"]
[EventDate "1990.??.??"]

1. c4 Nf6 2. Nc3 e5 3. Nf3 d6 4. d4 Nbd7 5. e4 Be7 6. Be2 O-O 7. O-O c6 8. b4
exd4 9. Qxd4 Ne5 10. Bb2 Qc7 11. Nd2 Re8 12. f4 Ng6 13. Kh1 Bf8 14. a4 Qb6 15.
Qxb6 axb6 16. Bd3 Nh5 17. g3 Bh3 18. Rfe1 Rad8 19. b5 Be7 20. Rab1 Nf6 21. Nd1
d5 22. cxd5 cxd5 23. e5 Bc5 24. Nb3 Nd7 25. Bd4 Bg4 26. Nf2 Bf3+ 27. Kg1 Ne7
28. Bxc5 Nxc5 29. Nxc5 bxc5 30. Re3 Be4 31. Nxe4 dxe4 32. Bxe4 b6 33. a5 bxa5
34. b6 Rd4 35. b7 Rb8 36. Rb5 Nd5 37. Rd3 Rxd3 38. Bxd3 Nc7 39. Rb1 a4 40. Be4
a3 41. Ra1 Nb5 42. Kf2 Kf8 43. Bc6 Nd4 44. Bg2 Nb5 45. Ke3 c4 46. Rc1 a2 47.
Ra1 1-0

[Event "BL 9091 Koblenz-München 36"]
[Site "?"]
[Date "1990.??.??"]
[Round "?.1"]
[White "Smejkal, J."]
[Black "Brueckner, T."]
[Result "1-0"]
[WhiteElo "2545"]
[BlackElo "2405"]
[PlyCount "89"]
[EventDate "1990.??.??"]

1. c4 e5 2. g3 Nc6 3. Bg2 g6 4. Nc3 Bg7 5. e4 d6 6. Nge2 Nf6 7. d3 O-O 8. O-O
Nh5 9. h3 f5 10. exf5 gxf5 11. f4 Be6 12. Kh2 Nf6 13. Nd5 Qd7 14. Be3 Ne7 15.
Nxf6+ Bxf6 16. Qd2 c6 17. Rae1 Rab8 18. b3 b5 19. fxe5 dxe5 20. Bg5 bxc4 21.
dxc4 Qxd2 22. Bxd2 e4 23. Nf4 Bd7 24. Rd1 Ng6 25. Nh5 Be7 26. Bc3 Be6 27. Ng7
Bc8 28. Rf2 Rf7 29. Nh5 Be6 30. Rfd2 Rbf8 31. Kh1 f4 32. Nxf4 Nxf4 33. gxf4
Rxf4 34. Re2 Rh4 35. Rxe4 Rxe4 36. Bxe4 c5 37. Kg2 Bh4 38. Be1 Bf6 39. Bd5 Re8
40. Bf2 Bxd5+ 41. Rxd5 Re2 42. Kf3 Rxa2 43. Bxc5 Rb2 44. Rd3 a5 45. Ke4 1-0

[Event "BL 9091 Koblenz-München 36"]
[Site "?"]
[Date "1990.??.??"]
[Round "?.2"]
[White "Doncevic, D."]
[Black "Ftacnik, L."]
[Result "1/2-1/2"]
[WhiteElo "2350"]
[BlackElo "2550"]
[PlyCount "47"]
[EventDate "1990.??.??"]

1. e4 d6 2. d4 Nf6 3. Nc3 g6 4. f4 Bg7 5. Nf3 O-O 6. Bd3 Na6 7. O-O c5 8. d5
Rb8 9. Qe1 Bg4 10. Qh4 Nb4 11. f5 c4 12. Bxc4 Nxc2 13. Rb1 Qb6+ 14. Kh1 Ne3 15.
Na4 Qb4 16. Bxe3 Qxc4 17. Nc3 Bxf3 18. Rxf3 b5 19. Bxa7 b4 20. Bxb8 Rxb8 21.
Nd1 Rc8 22. Ne3 Qxa2 23. Rff1 Qb3 24. Ng4 1/2-1/2

[Event "BL 9091 Koblenz-München 36"]
[Site "?"]
[Date "1990.??.??"]
[Round "?.3"]
[White "Espig, L."]
[Black "Seul, G."]
[Result "1/2-1/2"]
[WhiteElo "2505"]
[BlackElo "2340"]
[PlyCount "78"]
[EventDate "1990.??.??"]

1. Nf3 d6 2. d4 Bg4 3. c4 Nd7 4. e4 e5 5. Be2 Be7 6. O-O Bxf3 7. Bxf3 Bg5 8.
Nc3 Bxc1 9. Rxc1 Ne7 10. Bg4 Nf6 11. Bh3 O-O 12. dxe5 dxe5 13. Qb3 Qb8 14. Nd5
Nexd5 15. exd5 c5 16. dxc6 bxc6 17. Rfe1 Qxb3 18. axb3 Rab8 19. Rxe5 Rxb3 20.
Rc2 Rfb8 21. Ree2 Ra3 22. g3 Ra1+ 23. Kg2 g6 24. Rcd2 c5 25. Bd7 Rb6 26. Bb5
Rb1 27. Ba4 Rb7 28. b3 Rc7 29. h3 Kg7 30. Rd6 Ng8 31. Re5 Ne7 32. Ra6 Nf5 33.
Ra5 Nd4 34. Raxc5 Rb7 35. Rcd5 Nxb3 36. c5 Rc1 37. c6 Rb4 38. Bxb3 Rxb3 39. Rc5
Rbc3 1/2-1/2

[Event "BL 9091 Koblenz-München 36"]
[Site "?"]
[Date "1990.??.??"]
[Round "?.4"]
[White "Wolf, V."]
[Black "Gruenberg, HU."]
[Result "1/2-1/2"]
[WhiteElo "2310"]
[BlackElo "2500"]
[PlyCount "76"]
[EventDate "1990.??.??"]

1. e4 c5 2. Nf3 e6 3. d4 cxd4 4. Nxd4 Nf6 5. Nc3 d6 6. Be2 Be7 7. O-O O-O 8.
Be3 a6 9. a4 Nc6 10. f4 Qc7 11. Kh1 Re8 12. Bf3 Na5 13. Qe1 Nc4 14. Bc1 e5 15.
Nde2 exf4 16. Nxf4 Be6 17. Qg3 Rac8 18. Be2 Bd8 19. Nd3 Kh8 20. Rd1 Qa5 21. Nf4
Qe5 22. Nxe6 Qxg3 23. hxg3 Rxe6 24. Rd4 Ne5 25. Bf4 Ba5 26. Rad1 Nfg4 27. Rf1
Rc6 28. Nd1 Rxc2 29. Bxg4 Nxg4 30. Rxd6 Rxd6 31. Bxd6 Kg8 32. Bf4 Re2 33. b3 h6
34. Bd6 Rc2 35. b4 Bb6 36. a5 Bd4 37. e5 Rd2 38. e6 fxe6 1/2-1/2

[Event "BL 9091 Koblenz-München 36"]
[Site "?"]
[Date "1990.??.??"]
[Round "?.5"]
[White "Enders, P."]
[Black "Schlick, V."]
[Result "0-1"]
[WhiteElo "2495"]
[BlackElo "2305"]
[PlyCount "152"]
[EventDate "1990.??.??"]

1. e4 c5 2. Nf3 Nc6 3. d4 cxd4 4. Nxd4 g6 5. c4 Bg7 6. Be3 Nf6 7. Nc3 Ng4 8.
Qxg4 Nxd4 9. Qd1 Ne6 10. Rc1 b6 11. Bd3 Bb7 12. O-O Nc5 13. Bb1 d6 14. b4 Nd7
15. Nd5 O-O 16. Re1 Rc8 17. Bg5 Re8 18. Qb3 h6 19. Bh4 g5 20. Bg3 e6 21. Ne3
Nf6 22. f3 Nh5 23. Bf2 Nf4 24. Qa3 a6 25. Rcd1 Qc7 26. Qb3 Be5 27. Ng4 Bg7 28.
Ne3 Be5 29. Ng4 Bg7 30. Rc1 h5 31. Ne3 Be5 32. Rcd1 Kg7 33. h4 Qe7 34. c5 bxc5
35. bxc5 Rxc5 36. Nc4 Rb5 37. Qa3 gxh4 38. Kh1 Qg5 39. Rg1 Ne2 40. Nxe5 dxe5
41. Bd3 Ng3+ 42. Kh2 Qf4 43. Kh3 Bxe4 44. fxe4 Qxf2 45. Bxb5 axb5 46. Rge1 Ne2
47. Qf3 Nf4+ 48. Kh2 Qxf3 49. gxf3 Ra8 50. Rd2 Ra3 51. Rf2 Kf6 52. Ra1 Re3 53.
Rb1 Rd3 54. Rxb5 Rd1 55. a4 Nd3 56. Ra2 Ne1 57. Kh3 Kg5 58. Rb7 Nxf3 59. Rg2+
Kf4 60. Rxf7+ Ke3 61. Rxf3+ Kxf3 62. Kh2 Ra1 63. Rg6 Ra2+ 64. Kh3 Kxe4 65. Rxe6
Rxa4 66. Re8 Kf4 67. Kxh4 Kf3+ 68. Kxh5 e4 69. Rf8+ Ke2 70. Kg4 e3+ 71. Kg3 Ra1
72. Kg2 Ra7 73. Kg3 Rd7 74. Rf6 Kd2 75. Ra6 e2 76. Ra2+ Ke3 0-1

[Event "BL 9091 Koblenz-München 36"]
[Site "?"]
[Date "1990.??.??"]
[Round "?.6"]
[White "Bayer, E."]
[Black "Bastian, H."]
[Result "1/2-1/2"]
[WhiteElo "2330"]
[BlackElo "2335"]
[PlyCount "150"]
[EventDate "1990.??.??"]

1. d4 Nf6 2. c4 g6 3. Nf3 Bg7 4. g3 O-O 5. Bg2 d6 6. O-O Nc6 7. Nc3 Rb8 8. h3
Nd7 9. Be3 a6 10. Rc1 e6 11. Qd2 Ne7 12. Bg5 Bh8 13. Bh6 Re8 14. e4 b5 15. cxb5
axb5 16. Rfd1 b4 17. Ne2 Bb7 18. Ng5 Nf8 19. Nf4 Bg7 20. Bxg7 Kxg7 21. h4 h6
22. Ngh3 Nd7 23. Nd3 Nf6 24. Qe1 Qd7 25. b3 Nc6 26. Ne5 dxe5 27. dxe5 Qe7 28.
exf6+ Qxf6 29. Nf4 Qe5 30. Nd3 Qa5 31. Nc5 Ba8 32. Qd2 Rbd8 33. Qb2+ e5 34. Nd3
f6 35. Kh2 Nd4 36. f4 exf4 37. Nxf4 c5 38. Qf2 Qb6 39. Nd3 Rc8 40. Nxc5 Nb5 41.
Nd3 Qxf2 42. Nxf2 Rxc1 43. Rxc1 Nc3 44. Rc2 f5 45. exf5 Bxg2 46. Kxg2 gxf5 47.
Nd3 Re3 48. Nxb4 Ne4 49. Kh2 Kf7 50. Rg2 Ke6 51. Nc2 Rc3 52. Re2 Ke5 53. Ne3
Rd3 54. Kg2 f4 55. gxf4+ Kxf4 56. Nf1 Rd8 57. Kh2 Rd1 58. Ne3 Rd3 59. Ng2+ Kf3
60. Rc2 Rd1 61. h5 Nf6 62. Rc3+ Ke4 63. Rc4+ Ke5 64. Rc5+ Ke4 65. Rc6 Ke5 66.
Rc5+ Ke4 67. Rc4+ Ke5 68. Ra4 Nxh5 69. Ne3 Rd2+ 70. Kg1 Kf6 71. Ra5 Ng3 72.
Ng4+ Ke6 73. Nxh6 Ne2+ 74. Kf1 Nc1 75. Ng4 Rxa2 1/2-1/2

[Event "BL 9091 Koblenz-München 36"]
[Site "?"]
[Date "1990.??.??"]
[Round "?.7"]
[White "Roese, O."]
[Black "Fecht, H."]
[Result "1/2-1/2"]
[WhiteElo "2385"]
[BlackElo "2250"]
[PlyCount "81"]
[EventDate "1990.??.??"]

1. e4 c5 2. Nf3 d6 3. d4 cxd4 4. Nxd4 Nf6 5. Nc3 a6 6. Bc4 e6 7. Bb3 b5 8. O-O
Be7 9. Qf3 Qc7 10. Qg3 Nc6 11. Nxc6 Qxc6 12. Re1 Bb7 13. f3 O-O 14. Be3 Rfd8
15. Rad1 Ne8 16. Ne2 Bf6 17. c3 Qc7 18. Qf2 Qe7 19. Ng3 g6 20. f4 Bg7 21. Bd4
Nf6 22. e5 Ng4 23. Qe2 dxe5 24. Qxg4 exd4 25. f5 Bd5 26. fxe6 f5 27. Qe2 Bxb3
28. axb3 dxc3 29. bxc3 Bxc3 30. Rf1 Bf6 31. Qe3 Rac8 32. Ne2 Rc6 33. Nf4 Bg5
34. Rxd8+ Qxd8 35. Qa7 Qb6+ 36. Qxb6 Rxb6 37. Re1 Be7 38. Nd5 Rb7 39. Ra1 Ra7
40. Nxe7+ Rxe7 41. Rxa6 1/2-1/2

[Event "BL 9091 Koblenz-München 36"]
[Site "?"]
[Date "1990.??.??"]
[Round "?.8"]
[White "Fritsche, L."]
[Black "Goetz, R."]
[Result "1-0"]
[WhiteElo "2295"]
[BlackElo "2350"]
[PlyCount "123"]
[EventDate "1990.??.??"]

1. e4 c5 2. Nc3 e6 3. d3 d5 4. g3 Nf6 5. Bg2 dxe4 6. dxe4 Qxd1+ 7. Nxd1 Nc6 8.
Ne3 Be7 9. Bd2 Nd7 10. f4 b6 11. Bc3 O-O 12. O-O-O Rd8 13. Nf3 b5 14. b3 Bb7
15. e5 Nb6 16. f5 Nb4 17. Kb2 N4d5 18. Nxd5 Nxd5 19. Ba5 Ne3 20. Bxd8 Rxd8 21.
Rxd8+ Bxd8 22. fxe6 fxe6 23. Bh3 Bxf3 24. Bxe6+ Kf8 25. Re1 Nd1+ 26. Kb1 Ke7
27. Bf5 Ba5 28. Rf1 Be2 29. Rg1 g6 30. Bd3 Nc3+ 31. Kb2 Bxd3 32. cxd3 Nd5 33.
Rc1 Nb4 34. Rc3 Bb6 35. a4 Nd5 36. Rc1 b4 37. a5 Bc7 38. Rxc5 Bxe5+ 39. Kc2 Kd6
40. Rc8 Bd4 41. Rb8 Kc6 42. Kd2 Be5 43. Rd8 Bf6 44. Ra8 Bd4 45. Rd8 Bg1 46. h3
h5 47. Ke2 Bc5 48. Kf3 Bd6 49. d4 Nf6 50. Ra8 Kb7 51. Rh8 Kc6 52. Rh6 Kd5 53.
Rxg6 Ne4 54. Ke3 Nxg3 55. Kd3 h4 56. Rg7 a6 57. Ra7 Nh5 58. Rxa6 Nf4+ 59. Ke3
Nxh3 60. Rb6 Bc7 61. Rxb4 Nf4 62. a6 1-0

[Event "BL 9091 Bayern-Koblenz"]
[Site "?"]
[Date "1990.??.??"]
[Round "?.1"]
[White "Brueckner, T."]
[Black "Huebner, R."]
[Result "1/2-1/2"]
[WhiteElo "2405"]
[BlackElo "2585"]
[PlyCount "75"]
[EventDate "1990.??.??"]

1. c4 e5 2. Nc3 Nf6 3. Nf3 Nc6 4. g3 d5 5. cxd5 Nxd5 6. Bg2 Nb6 7. O-O Be7 8.
a3 Be6 9. b4 f5 10. d3 O-O 11. Bd2 Bf6 12. Rb1 a6 13. Qc2 Rf7 14. Rfd1 Rd7 15.
Be3 Nd4 16. Bxd4 exd4 17. Na4 Nxa4 18. Qxa4 Bd5 19. Nd2 Re7 20. Bf3 g6 21. Re1
Kg7 22. Qa5 Bxf3 23. exf3 Qd7 24. Rxe7+ Bxe7 25. Re1 Bf6 26. Qc5 Rd8 27. Nb3
Qf7 28. Qc2 b6 29. Rc1 Rd7 30. Qc4 Qxc4 31. Rxc4 Kf7 32. Rc6 Be7 33. Rc4 Ke8
34. Kf1 Bf6 35. Rc6 Be7 36. Rc4 Bf6 37. Rc6 Be7 38. Rc4 1/2-1/2